| 000 | 00610nam a2200181Ia 4500 | ||
|---|---|---|---|
| 003 | GCL | ||
| 008 | 140319s9999 xx 000 0 ara d | ||
| 040 |
_aGCL / _cGCL |
||
| 082 | 0 | 4 |
_a882 _bل م |
| 100 | 1 | _aلاشيل . ليوريبيد | |
| 245 | 1 | 0 |
_aالمستجيرات لاشيل - المستجيرات ليوريبيد - أبناء هرقل ليوريبيد / _cلاشيل . ليوريبيد |
| 700 | 1 | _aعلى حافظ | |
| 300 |
_a269 ؛ _c24 سم |
||
| 490 |
_a100 قصة _v0 |
||
| 650 | 0 | 4 | _aالمسرح اليونانى |
| 650 | 0 | 4 | _aالادب اليونانى المترجم |
| 942 |
_2ddc _cBK |
||
| 999 |
_c43813 _d43813 |
||